00810nam a2200205 a 450000100100000000500170001000800410002702000150006804000250008308200160010810000450012424500850016926000560025430000260031049000240033650400740036083000330043495201200046799900170058700002388320200930022536.0110115s1998 ve r 000 0 spa d a9802229067 aDO-SdBNPbspacBNPHU annnnbF363e1 aFernández Heres, Rafael,d1933-94913710aEnseñanza de la historia e integración regional /cRafael Fernández Heres. aCaracas :bAcademia Nacional de la Historia,c1998. a69, [11] p. ;c20 cm.1 aEl libro menorv222 aIncluye referencias bibliográficas y notas al pie de las páginas. 3aEl libro menor ;v222949138 001052708MOaGRbGRcCTd2011-01-15iLF1l0onnnn F363ep23883-10r2020-06-25w2020-06-25y2ZPréstamo interno c23379d23379